000 00735nam a22002417a 4500
999 _c34385
_d34385
001 3748
003 CO-MdFUSB
005 20180622073140.0
008 180314s1980 xxu||||| |||| 00| 0 eng d
020 _a0-8010-4231-3
040 _aCO-MdFUSB
_bspa
_cCO-MdFUSB
_dCO-MdFUSBC
_erda
041 0 _aeng
082 0 4 _aG 227.3 H6881e
100 1 _aHodge, Charles (1797-1878)
_eautor
245 3 _aAn Exposition of the Second Epistle to the Corinthians
_c / Charles Hodge
264 1 _aGrand Rapids, MI., USA :
_b Baker,
_c[1980]
300 _a314 Pag
336 _2rdacontent
_atexto
_btxt
337 _2rdamedia
_asin mediación
_bn
338 _2rdacarrier
_avolumen
_bnc
653 _aBiblia N.T. - 2 Corintios - Comentarios
942 _cBK